紫微斗数命运宝典(高册) (Record no. 10540)

000 -LEADER
fixed length control field 00509nam a22001937a 4500
003 - CONTROL NUMBER IDENTIFIER
control field MPLRDC
005 - DATE AND TIME OF LATEST TRANSACTION
control field 20220104123331.0
008 - FIXED-LENGTH DATA ELEMENTS--GENERAL INFORMATION
fixed length control field 210129b ||||| |||| 00| 0 eng d
020 ## - INTERNATIONAL STANDARD BOOK NUMBER
International Standard Book Number 957-552-316-4
082 ## - DEWEY DECIMAL CLASSIFICATION NUMBER
Classification number 293.1 CSJ-2
100 ## - MAIN ENTRY--PERSONAL NAME
Personal name 蔡上机编著
245 ## - TITLE STATEMENT
Title 紫微斗数命运宝典(高册)
Statement of responsibility, etc.
250 ## - EDITION STATEMENT
Edition statement 初版6刷
260 ## - PUBLICATION, DISTRIBUTION, ETC.
Place of publication, distribution, etc.
Name of publisher, distributor, etc. 益群书店股份有限公司
Date of publication, distribution, etc. 1999
300 ## - PHYSICAL DESCRIPTION
Other physical details
490 ## - SERIES STATEMENT
Series statement 命理乾坤丛书. 21
650 ## - SUBJECT ADDED ENTRY--TOPICAL TERM
Topical term or geographic name entry element 命书--紫微斗数
942 ## - ADDED ENTRY ELEMENTS (KOHA)
Koha item type Book
-- 293.1 CSJ-2
Holdings
Withdrawn status Lost status Source of classification or shelving scheme Damaged status Not for loan Collection code Home library Current library Shelving location Date acquired Cost, normal purchase price Total Checkouts Full call number Barcode Date last seen Date last checked out Price effective from Koha item type Public note
            Malaysian Public Library, Research and Development Centre Malaysian Public Library, Research and Development Centre   10/12/2007 28.60   293.1 CSJ-2 00010553 17/03/2021 29/12/2009 17/03/2021 Book mplrdc

© 2022. Malaysian Public Library, Research and Development Centre. All Right ReservedE-mailmplrdc@help.edu.my 

Powered by Koha